Enciclopedia de la salud alternativa (Registro nro. 401)
[ vista simple ]
| 000 -CABECERA | |
|---|---|
| fixed length control field | 00469nam a2200181Ia 4500 |
| 008 - ELEMENTOS DE LONGITUD FIJA-INFORMACION GENERAL | |
| fixed length control field | 221202s9999 xx 000 0 und d |
| 020 ## - NUMERO INTERNACIONAL NORMALIZADO PARA LIBROS | |
| Número Internacional Normalizado del libro | 9872109796 |
| 040 ## - FUENTE DE CATALOGACION | |
| Agencia de catalogación original | AR-BeUNQ |
| Idioma de catalogación | ESPAÑOL |
| Convenciones de la descripción | aacr |
| 110 ## - ASIENTO PRINCIPAL-NOMBRE CORPORATIVO | |
| Nombre corporativo o de jurisdicción como elemento de entrada | Salud Alternativa |
| 245 #0 - MENCION DE TITULO | |
| Título | Enciclopedia de la salud alternativa |
| 250 ## - MENCION DE EDICION | |
| Mención de edición | 1a ed. |
| 260 ## - PUBLICACION, DISTRIBUCION, ETC. | |
| Lugar de publicación, distribución, etc. | Buenos Aires |
| Nombre del editor, distribuidor, etc. | Blotta & Blotta |
| Fecha de publicación, distribución, etc | 2004 |
| 300 ## - DESCRIPCION FISICA | |
| Extensión | 749 p. ; |
| Otros detalles físicos | il. ; |
| Dimensiones | 26 x 18 cm |
| 521 ## - NOTA DE AUDIENCIA | |
| Nota de audiencia | adultos |
| 546 ## - NOTA DE IDIOMA | |
| Nota de idioma | Español |
| 653 ## - TERMINO DE INDIZACION - NO CONTROLADO | |
| Término de indización no controlado | Salud. |
| 942 ## - ELEMENTOS DE PUNTO DE ACCESO ADICIONAL (KOHA) | |
| Tipo de ítem Koha | Libros |
| Suppress in OPAC | 0 |
No hay ítems disponibles.